| Tag |
First Indicator |
Second Indicator |
Subfields |
| LEADER |
00000cam a22000008i 4500 |
| 001 |
in00000041306 |
| 005 |
20151007072536.0 |
| 008 |
791211s1980 dcua b 10000 eng |
| 010 |
|
|
|a 79003854
|
| 020 |
|
|
|a 0819109428 :
|c $14.75
|
| 035 |
|
|
|a (OCoLC)05846349
|
| 035 |
|
|
|9 AAE8068AM
|
| 040 |
|
|
|a DLC
|c DLC
|d TXA
|d UtOrBLW
|
| 049 |
|
|
|a TXAM
|c [1405798]
|
| 050 |
0 |
0 |
|a D16.17
|b .C66 1979
|
| 082 |
0 |
|
|a 907/2.
|
| 111 |
2 |
|
|a Conference on Quantification in History and Psycho-history
|d (1979 :
|c University of Texas at Dallas)
|
| 245 |
1 |
0 |
|a Quantification and psychology :
|b toward a "new" history /
|c edited by Harvey J. Graff and Paul Monaco.
|
| 263 |
|
|
|a 8001
|
| 264 |
|
1 |
|a Washington :
|b University Press of America,
|c [1980]
|
| 264 |
|
4 |
|c ©1980
|
| 300 |
|
|
|a 516 pages :
|b illustrations ;
|c 21 cm.
|
| 336 |
|
|
|a text
|b txt
|2 rdacontent
|
| 337 |
|
|
|a unmediated
|b n
|2 rdamedia
|
| 338 |
|
|
|a volume
|b nc
|2 rdacarrier
|
| 504 |
|
|
|a Includes bibliographical references.
|
| 650 |
|
0 |
|a History
|x Statistical methods
|x Congresses.
|
| 650 |
|
0 |
|a Psychohistory
|x Congresses.
|
| 700 |
1 |
|
|a Graff, Harvey J.
|
| 700 |
1 |
|
|a Monaco, Paul.
|
| 999 |
|
|
|a MARS
|
| 999 |
f |
f |
|s 4fb12e9f-b974-3126-91ff-e8c37852a8b6
|i e480de9d-9857-391a-b636-4a2ad97b5fcb
|t 0
|
| 952 |
f |
f |
|p normal
|a Texas A&M University
|b College Station
|c Sterling C. Evans Library
|d Evans: Library Stacks
|t 0
|e D16.17 .C66 1979
|h Library of Congress classification
|i unmediated -- volume
|m A14801866252
|
| 998 |
f |
f |
|a D16.17 .C66 1979
|t 0
|l Evans: Library Stacks
|